| Tag |
First Indicator |
Second Indicator |
Subfields |
| LEADER |
00000cam a2200000Ia 4500 |
| 001 |
in00002490213 |
| 005 |
20211202190148.0 |
| 006 |
m d f |
| 007 |
cr mn||||||||| |
| 008 |
050808s2005 vauab sb f000 0 eng d |
| 010 |
|
|
|a 2005414626
|
| 029 |
1 |
|
|a AU@
|b 000041326062
|
| 035 |
|
|
|a (OCoLC)ocm61224357
|
| 040 |
|
|
|a GIS
|c GIS
|d DLC
|d GPO
|d MvI
|d UtOrBLW
|
| 043 |
|
|
|a a-af---
|
| 049 |
|
|
|a WWW
|
| 050 |
0 |
0 |
|a TD313.A3
|b I58 2005
|
| 074 |
|
|
|a 0624-B-02 (online)
|
| 086 |
0 |
|
|a I 19.42/4-4:2005-5090
|
| 245 |
0 |
0 |
|a Inventory of ground-water resources in the Kabul Basin, Afghanistan /
|c by Robert E. Broshears [and others] ; prepared in cooperation with the U.S. Agency for International Development.
|
| 264 |
|
1 |
|a Reston, Va. :
|b U.S. Dept. of the Interior, U.S. Geological Survey,
|c 2005.
|
| 300 |
|
|
|a v, 34 pages :
|b digital, PDF file.
|
| 336 |
|
|
|a text
|b txt
|2 rdacontent
|
| 337 |
|
|
|a computer
|b c
|2 rdamedia
|
| 338 |
|
|
|a online resource
|b cr
|2 rdacarrier
|
| 490 |
1 |
|
|a Scientific investigations report ;
|v 2005-5090
|
| 538 |
|
|
|a Mode of access: Internet from the USGS web site. Address as of 11/10/08: http://pubs.usgs.gov/sir/2005/5090/sir20055090.pdf ; current access available via PURL.
|
| 500 |
|
|
|a Title from title screen (viewed on Nov. 10, 2008).
|
| 500 |
|
|
|a "USGS Afghanistan Project product number 001."
|
| 504 |
|
|
|a Includes bibliographical references.
|
| 500 |
|
|
|a Electronic resource.
|
| 650 |
|
0 |
|a Water-supply
|z Afghanistan.
|
| 650 |
|
0 |
|a Water table
|z Afghanistan.
|
| 650 |
|
0 |
|a Groundwater
|z Afghanistan.
|
| 651 |
|
0 |
|a Kabul Basin (Afghanistan)
|
| 700 |
1 |
|
|a Broshears, Robert E.
|
| 710 |
1 |
|
|a United States.
|b Agency for International Development.
|
| 710 |
2 |
|
|a Geological Survey (U.S.)
|
| 830 |
|
0 |
|a Scientific investigations report ;
|v 2005-5090.
|
| 856 |
4 |
0 |
|u https://purl.fdlp.gov/GPO/LPS105333
|t 0
|
| 999 |
|
|
|a MARS
|
| 999 |
f |
f |
|s b651310a-1622-33af-95ff-7edc941a8e9c
|i 18b91b5c-5521-3d01-ade3-4ae187926629
|t 0
|
| 952 |
f |
f |
|a Texas A&M University
|b College Station
|c Electronic Resources
|d Available Online
|t 0
|e I 19.42/4-4:2005-5090
|h Superintendent of Documents classification
|
| 998 |
f |
f |
|a I 19.42/4-4:2005-5090
|t 0
|l Available Online
|